Score 0/25 Timer 08:00
0 Plays Today
% Correct
White House
92.9%
inauguration
92.6%
John Quincy Adams
91.8%
Age of Enlightenment
91.6%
Vice President
91.1%
lawyer
90.2%
President
90%
Great Britain
89.8%
Alien and Sedition
89.8%
Harvard College
89.6%
Abigail
89.5%
George Washington
88.1%
Boston
87.9%
% Correct
Virginia
86.1%
Thomas Jefferson
85.7%
West Point
84.8%
American Navy
80.6%
John Marshall
78.6%
Samuel Adams
76.6%
France
75.9%
Paris
73.9%
Alexander Hamilton
70.9%
Massachusetts
70%
Amsterdam
49.9%
Charles Carroll
47.4%
Remove Ads.
Support Sporcle.
Get the best of Sporcle when you Go Orange. This ad-free experience offers more features, more stats, and more fun while also helping to support Sporcle. Thank you for becoming a member.

You're not logged in!

Compare scores with friends on all Sporcle quizzes.
OR
Log In

Show Comments

Extras

Top Quizzes Today


Score Distribution

Your Account Isn't Verified!

In order to create a playlist on Sporcle, you need to verify the email address you used during registration. Go to your Sporcle Settings to finish the process.

Report this User

Report this user for behavior that violates our Community Guidelines.

Details: